| 000 | 00517nam a2200145 a 4500 | ||
|---|---|---|---|
| 001 | 5554 | ||
| 003 | CDMR | ||
| 005 | 20131028161850.0 | ||
| 008 | 130130s2006||||||||||||||||||||||||||||d | ||
| 040 |
_aCDMR _bcat _cCPC GIRONA |
||
| 245 | 2 |
_aLa construcció de la societat responsable _b: seminari : Barcelona, 14 de desembre de 2005 |
|
| 260 |
_c2006 _bCentre d'Estudis Jordi Pujol _aBarcelona |
||
| 856 | 4 | 0 |
_uhttp://www.jordipujol.cat/files/articles/construccio_de_la_societat.pdf _yDisponible en línia (PDF) |
| 942 |
_cMON _2udc |
||
| 999 |
_c5554 _d5554 |
||